| 000 | 00533nam a2200217Ia 4500 | ||
|---|---|---|---|
| 008 | 171025s9999 xx 000 0 und d | ||
| 020 | _a9780545007108 | ||
| 050 | _a808.3 | ||
| 050 | _bH551 2008 | ||
| 100 | _aHerman, Gail | ||
| 245 | _aInkheart : | ||
| 245 | _bFarid's story / | ||
| 245 | _cadapted by Gail Herman ; novel by Cornelia Funke. | ||
| 260 | _aNew York : | ||
| 260 | _bScholastic, | ||
| 260 | _c2008 | ||
| 300 | _a32 pages : | ||
| 300 | _bcolored illustrations ; | ||
| 300 | _c23cm. | ||
| 650 | _aFiction. | ||
| 999 |
_c344913 _d344913 |
||